Anuario fiscal 2001

Detalles Bibliográficos
Autor Corporativo: Espaą
Otros Autores: Calvo Ortega, Rafael (Conductor)
Formato: Desconocido
Lenguaje:español
Publicado: Madrid: Erdesa, 2002
Materias:
Acceso en línea:Acceso restringido

MARC

LEADER 00000ny a22000003n 4500
005 20110531125042.0
008 080508t2002 sp s 000 0 spa c
020 |a 8484940292 
035 |a 132 
040 |a UMA.RE  |d vLex 
080 |a 336.2:351.713(460)(0.034) 
080 |a 351.713(460)(0.034) 
080 |a 351.713:336.2(460)(0.034) 
090 |c 373  |d 373 
110 1 |a Espaą 
240 1 0 |a Leyes, etc., Impuestos 
245 1 0 |a Anuario fiscal 2001  |h [Recurso electrn̤ico]  |c Rafael Calvo Ortega (direccin̤)... [et al.] 
256 |a Servicio en ln̕ea 
260 |a Madrid:  |b Erdesa,  |c 2002 
506 1 |a Contenido solo disponible en los productos indicados  |d vLex Global  |d vLex Global (Academic Edition, excluding Law Schools)  |d vLex Global (U.S. Academic Edition, Law Schools)  |d vLex Global (U.S. Academic Edition, excluding Law Schools)  |d vLex Global (Academic Edition, Law Schools) 
650 0 7 |a Tributario  |2 Tesauro vLex 
650 0 7 |a Derecho tributario  |2 Tesauro vLex 
650 0 7 |a Derecho fiscal  |2 Tesauro vLex 
700 1 |a Calvo Ortega, Rafael,  |e dir 
740 0 |a vLex Libros (Servicios en ln̕ea) 
856 4 0 |u http://vlex.com/source/132  |z Acceso restringido 
942 |c BOOK 
999 0 |a Taxation   |b Madrid